What emerges from the force of our fists: Clinical approach to the extreme traumas of migratory journeys via psychoboxing (notice n° 1737768)

détails MARC
000 -LEADER
fixed length control field 01526cam a2200157 4500500
005 - DATE AND TIME OF LATEST TRANSACTION
control field 20260322004139.0
041 ## - LANGUAGE CODE
Language code of text/sound track or separate title fre
042 ## - AUTHENTICATION CODE
Authentication code dc
100 10 - MAIN ENTRY--PERSONAL NAME
Personal name Jay, Emmanuelle
Relator term author
245 00 - TITLE STATEMENT
Title What emerges from the force of our fists: Clinical approach to the extreme traumas of migratory journeys via psychoboxing
260 ## - PUBLICATION, DISTRIBUTION, ETC.
Date of publication, distribution, etc. 2026.<br/>
500 ## - GENERAL NOTE
General note 69
520 ## - SUMMARY, ETC.
Summary, etc. This article examines gender relations in mobilizations for the Armenian cause in France during the years around 1968, several decades after the original arrival of Armenian migrants in France, following the 1915 genocide in the Ottoman Empire. While feminism, which had emerged in the homeland at the late nineteenth century, certainly found support from Armenian women in the public arena in 1970s France, they make no reference to it in their defense of the Armenian question, to which they were committed. The article concludes that there are similarities with other contemporary forms of protest: a gendered division of labour, and the refusal to see these divisions, but also the emancipatory dimension of activism. It shows, as well, that since the genocide had been marked by gendered forms of violence, women were responsible for rebuilding the community; as a result, gender relations among Armenians were not shaped exclusively along contested gender frontiers.
786 0# - DATA SOURCE ENTRY
Note Le Coq-héron | 263 | 4 | 2026-02-04 | p. 167-177 | 0335-7899
856 41 - ELECTRONIC LOCATION AND ACCESS
Uniform Resource Identifier <a href="https://shs.cairn.info/journal-le-coq-heron-2025-4-page-167?lang=en&redirect-ssocas=7080">https://shs.cairn.info/journal-le-coq-heron-2025-4-page-167?lang=en&redirect-ssocas=7080</a>

Pas d'exemplaire disponible.

PLUDOC

PLUDOC est la plateforme unique et centralisée de gestion des bibliothèques physiques et numériques de Guinée administré par le CEDUST. Elle est la plus grande base de données de ressources documentaires pour les Étudiants, Enseignants chercheurs et Chercheurs de Guinée.

Adresse

627 919 101/664 919 101

25 boulevard du commerce
Kaloum, Conakry, Guinée

Réseaux sociaux

Powered by Netsen Group @ 2025